| 000 | 01342nam0a2200361 4500 | ||
|---|---|---|---|
| 001 | RU\NLR\BIBL_A\022721752 | ||
| 005 | 20260402131238.0 | ||
| 010 | _a978-5-94431-660-8 | ||
| 021 |
_aRU _bКН-П-25-076768 _9КН-П-25-7436 |
||
| 035 | _a(NLR Aleph) 022721752 | ||
| 090 |
_a13650194 _c13650194 |
||
| 100 | _a20260206d2025 u y0rusy50 ca | ||
| 101 | 0 | _arus | |
| 102 | _aRU | ||
| 105 | _aa|||z|||000yy | ||
| 181 | 0 |
_ai2 _baxxe |
|
| 181 | 0 |
_ab2 _bxb2e |
|
| 182 | 0 | _an | |
| 200 | 1 |
_aКовры с животными в живописи и в жизни _fИрина Дворкина |
|
| 203 |
_aТекст _bвизуальный _cнепосредственный |
||
| 210 |
_aМосква _cСеверный паломник _d2025 |
||
| 215 |
_a78, [1] с. _cил., цв. ил. _d26 |
||
| 225 | 1 | _aСерия Ковровый детектив | |
| 320 | _aБиблиогр. в тексте | ||
| 606 | 1 |
_aЖивопись итальянская _xТематика _z14 - 15 вв. _92703514 _3RU\NLR\AUTH\6601768585 |
|
| 606 | 1 |
_aКовры _yВосток _91493686 _3RU\NLR\AUTH\66644057 |
|
| 686 | 1 | _aЩ126.23(5)4 | |
| 686 | 1 | _aЩ143(4Ит)43-3 | |
| 700 | 1 |
_aДворкина _bИ. А _gИрина Анатольевна |
|
| 942 | _cBOOK | ||
| 980 | _aNB | ||